[Event "Mittelrhein Verbandsliga-S 18/19"]
[Site "Nordrheinwestfalen"]
[Date "2019.05.19"]
[Round "11.1"]
[White "Gahler, Cornelius"]
[Black "Weber, Jannis"]
[Result "1/2-1/2"]
[WhiteElo "2074"]
[BlackElo "1903"]
[PlyCount "133"]
[EventDate "2018.09.02"]
[EventType "team-tourn"]
[EventRounds "11"]
[EventCountry "GER"]
[SourceTitle "EXT 2022"]
[Source "ChessBase"]
[SourceDate "2021.10.06"]
[SourceVersion "1"]
[SourceVersionDate "2021.10.06"]
[SourceQuality "1"]
[WhiteTeam "Rheinbacher SF"]
[BlackTeam "Hennef"]
[WhiteTeamCountry "GER"]
[BlackTeamCountry "GER"]

1. d4 Nf6 2. c4 g6 3. Nc3 d5 4. Nf3 Bg7 5. Qb3 dxc4 6. Qxc4 0-0 7. e4 c6 8. Be2 b5 9. Qb3 Bb7 10. e5 Ne8 11. h4 h6 12. h5 g5 13. Be3 Nc7 14. 0-0-0 Nd7 15. Nxg5 hxg5 16. h6 Ne6 17. hxg7 Kxg7 18. Rh5 Rh8 19. Ne4 Rxh5 20. Bxh5 c5 21. Nxg5 cxd4 22. Nxe6+ fxe6 23. Rxd4 Qc7+ 24. Kb1 Rc8 25. f4 Nc5 26. Qc2 Ne4 27. Qxc7 Rxc7 28. Bf3 Ng3 29. Bxb7 Rxb7 30. Bf2 Nf5 31. Rd8 Rc7 32. b3 a6 33. Kb2 Kg6 34. Ra8 Rc6 35. Rg8+ Kf7 36. Rb8 Kg6 37. Rb6 Rxb6 38. Bxb6 Nh4 39. g3 Nf5 40. Bf2 Kh5 41. Kc3 Kg4 42. Kb4 Nxg3 43. Ka5 Ne4 44. Be3 Kf3 45. Bd4 Ke2 46. b4 Kd3 47. Bc5 Kc4 48. Bxe7 Nc3 49. Bf8 Nd5 50. f5 exf5 51. e6 f4 52. e7 Nc7 53. Bh6 f3 54. Be3 Kd5 55. Bb6 Ne8 56. Kxa6 Kc6 57. Bf2 Nc7+ 58. Ka5 Ne8 59. a4 bxa4 60. Kxa4 Kd7 61. Bh4 Nc7 62. Ka5 Nd5 63. b5 Nxe7 64. b6 Nc6+ 65. Ka6 Nd8 66. Ka7 Kc6 67. Bf2 1/2-1/2

[Event "Mittelrhein Verbandsliga-S 17/18"]
[Site "Nordrheinwestfalen"]
[Date "2018.02.04"]
[Round "7.2"]
[White "Goldenstein, Arnd"]
[Black "Gahler, Cornelius"]
[Result "0-1"]
[WhiteElo "1984"]
[BlackElo "2072"]
[PlyCount "30"]
[EventDate "2017.09.10"]
[EventType "team-tourn"]
[EventRounds "11"]
[EventCountry "GER"]
[SourceTitle "EXT 2022"]
[Source "ChessBase"]
[SourceDate "2021.10.06"]
[SourceVersion "1"]
[SourceVersionDate "2021.10.06"]
[SourceQuality "1"]
[WhiteTeam "Koeln SF III"]
[BlackTeam "Rheinbacher SF"]
[WhiteTeamCountry "GER"]
[BlackTeamCountry "GER"]

1. d4 f5 2. g3 Nf6 3. Bg2 g6 4. h4 Bg7 5. h5 Nxh5 6. e4 e6 7. Nc3 0-0 8. Nh3 c5 9. Be3 Qb6 10. Na4 Qa5+ 11. c3 cxd4 12. Bxd4 Bxd4 13. Qxd4 Nc6 14. Qd1 fxe4 15. Bxe4 Qe5 0-1

[Event "Mittelrhein Verbandsliga-O 16/17"]
[Site "Nordrheinwestfalen"]
[Date "2016.09.11"]
[Round "1"]
[White "Lommen, Frank"]
[Black "Gahler, Cornelius"]
[Result "1-0"]
[WhiteElo "2032"]
[BlackElo "2076"]
[PlyCount "57"]
[EventDate "2016.09.11"]
[EventType "team-tourn"]
[EventRounds "11"]
[EventCountry "GER"]
[SourceTitle "EXT 2022"]
[Source "ChessBase"]
[SourceDate "2021.10.06"]
[SourceVersion "1"]
[SourceVersionDate "2021.10.06"]
[SourceQuality "1"]
[WhiteTeam "Koeln Lasker II"]
[BlackTeam "Rheinbacher SF"]
[WhiteTeamCountry "GER"]
[BlackTeamCountry "GER"]

1. e4 d6 2. d4 Nf6 3. Nc3 Nbd7 4. g3 e5 5. Nge2 b5 6. a3 Be7 7. Bg2 c6 8. h3 h6 9. g4 Nh7 10. 0-0 Ndf8 11. f4 Ng6 12. Be3 h5 13. gxh5 Nxf4 14. Nxf4 exf4 15. Bxf4 Ng5 16. Kh2 Qd7 17. d5 c5 18. e5 Rb8 19. h4 Nh7 20. e6 Qd8 21. h6 Nf6 22. hxg7 Rxh4+ 23. Kg3 Rh7 24. Bh6 Rxh6 25. Rxf6 Rxf6 26. g8Q+ Bf8 27. Qh5 Qe7 28. exf7+ Kd7 29. Qe2 1-0